Tax incentives for education in Bulgaria and the Slovak Republic

Národné daňové systémy majú významný vplyv na mieru zamestnanosti. Daňové stimuly vzťahujúce sa k vzdelávaniu v Bulharsku a na Slovensku. Klady a zápory daňových stimulov.

Guardado en:
Detalles Bibliográficos
Autor principal: Schultzová, Anna
Otros Autores: Hudoková, Kristína
Formato: Capítulo de libro
Lenguaje:inglés
Materias:
Etiquetas: Agregar Etiqueta
Sin Etiquetas, Sea el primero en etiquetar este registro!

MARC

LEADER 00000naa$a2200000$$$4500
001 0222922
005 20240502083554.0
041 0 |a eng 
044 |a BG 
245 1 0 |a Tax incentives for education in Bulgaria and the Slovak Republic  |c Anna Schultzová, Kristína Hudoková 
520 |a Národné daňové systémy majú významný vplyv na mieru zamestnanosti. Daňové stimuly vzťahujúce sa k vzdelávaniu v Bulharsku a na Slovensku. Klady a zápory daňových stimulov. 
610 2 0 |a Slovensko 
610 2 0 |a Bulharsko 
610 2 0 |a politika daňová 
610 2 0 |a systémy daňové 
610 2 0 |a zvýhodnenie daňové 
610 2 0 |a zamestnanosť 
610 2 0 |a stimuly 
610 2 0 |a dane 
610 2 0 |a vzdelávanie 
100 1 |a Schultzová, Anna 
700 1 |a Hudoková, Kristína